| Tag |
First Indicator |
Second Indicator |
Subfields |
| LEADER |
00000nam a2200000Ia 4500 |
| 001 |
in00004246421 |
| 005 |
20200807093233.0 |
| 006 |
m g d |
| 007 |
cr bn |||a|bb| |
| 008 |
850410s1679 enkbc o 00| | eng d |
| 035 |
|
|
|a (OCoLC)11902230
|
| 040 |
|
|
|a EAA
|c EAA
|d m/c
|d WaOLN
|
| 037 |
|
|
|a CL0037000002
|b ProQuest Information and Learning. 300 N. Zeeb Rd., Ann Arbor, MI 48106
|
| 041 |
1 |
|
|a eng
|h ita
|
| 043 |
|
|
|a e-it---
|
| 049 |
|
|
|a UMIA
|
| 100 |
1 |
|
|a Barri, Giacomo,
|d ca. 1630-ca. 1690.
|
| 240 |
0 |
0 |
|a Viaggio pittoresco d'Italia.
|l English
|
| 245 |
1 |
4 |
|a The painters voyage of Italy :
|b in which all the famous paintings of the most eminent masters are particularised, as they are preserved in the several cities of Italy ... /
|c written originally in Italian by Giacomo Barri ... ; Englished by W.L. of Lincolns-Inne, Gent.
|
| 260 |
|
|
|a London :
|b Printed for Tho. Flesher ...,
|c 1679.
|
| 300 |
|
|
|a 1 online resource ([16], 159 pages :
|b map, portraits.
|
| 336 |
|
|
|a text
|b txt
|2 rdacontent
|
| 337 |
|
|
|a computer
|b c
|2 rdamedia
|
| 338 |
|
|
|a online resource
|b cr
|2 rdacarrier
|
| 500 |
|
|
|a A rare and interesting little work, being an early guide to the works of art preserved in the churches of Italy.
|
| 500 |
|
|
|a Translation of: Viaggio piottoresco d'Italia.
|
| 500 |
|
|
|a Reproduction of original in University of Chicago Library.
|
| 510 |
4 |
|
|a Wing
|c B916
|
| 533 |
|
|
|a Electronic reproduction.
|b Ann Arbor, Mich. :
|c UMI,
|d 1999-
|f (Early English books online)
|n Digital version of: (Early English books, 1641-1700 ; 52:10)
|7 s1999 miun s
|
| 650 |
|
0 |
|a Painting
|z Italy
|v Early works to 1800.
|
| 650 |
|
0 |
|a Painting, Italian
|v Early works to 1800.
|
| 651 |
|
0 |
|a Italy
|x Description and travel
|v Guidebooks.
|
| 700 |
1 |
|
|a Lodge, William,
|d 1649-1689.
|
| 830 |
|
0 |
|a Early English books online.
|
| 856 |
4 |
0 |
|u http://proxy.library.tamu.edu/login?url=https://search.proquest.com/docview/2240893954
|z Connect to the full text of this electronic book
|t 0
|
| 999 |
f |
f |
|s 89b501b7-0b43-3caf-bc5c-933453197a74
|i 1a762089-a3d4-37d7-959e-b4016e497d97
|t 0
|
| 952 |
f |
f |
|a Texas A&M University
|b College Station
|c Electronic Resources
|d Available Online
|t 0
|h No information provided
|
| 998 |
f |
f |
|t 0
|l Available Online
|